=LDR 00000nam 2200000 4500 =001 INLIS000000000034882 =005 20130612140756 =008 ***********************************ind** =035 ##$$0010-061300000034882 =041 ##$$a ind =082 ##$$a 372.3 =090 ##$$a 372.3, Tir b =100 ##$$a Timasyah, Bambang =245 ##$$a Benda ajaib/Bambang Trimasyah =250 ##$$a Seri Bocah Sains =260 ##$$a [20...] $b Bogor =300 ##$$a 32 hlm., Ilus., 25 cm =650 ##$$a Sains (Pendidikan Dasar) =850 ##$$a NBPNMAT